Score 0/36 Timer 10:00
1 Play Today
Character Novel % Correct
Scout FinchTo Kill a Mockingbird
93.2%
Katniss EverdeenThe Hunger Games
92.8%
Lucy PevensieThe Lion, the Witch, and the Wardrobe
85.2%
Holden CaulfieldThe Catcher in the Rye
82.9%
Jo MarchLittle Women
81.1%
Philip 'Pip' PirripGreat Expectations
70.7%
Jim HawkinsTreasure Island
70.3%
RalphLord of the Flies
66.4%
AmirThe Kite Runner
55.3%
Ponyboy CurtisThe Outsiders
52.7%
Danny TorranceThe Shining
52.4%
Lyra BelacquaNorthern Lights
47.9%
Andrew WigginEnder's Game
43.3%
Piscine Molitor PatelLife of Pi
42.6%
Meg MurryA Wrinkle in Time
40.8%
Margaret SimonAre You There God? It's Me, Margaret
38.7%
Mary LennoxThe Secret Garden
36.6%
JonasThe Giver
35.1%
Character Novel % Correct
Paul AtreidesDune
30.9%
Liesel MemingerThe Book Thief
27.4%
Anna FitzgeraldMy Sister's Keeper
27.3%
Clarice 'Precious' JonesPush
24%
Mark SwayThe Client
19.9%
Lily OwensThe Secret Life of Bees
14.3%
KaranaIsland of the Blue Dolphins
13.7%
Bastian Balthazar BuxThe Neverending Story
12.6%
Christopher John Francis BooneThe Curious Incident of the Dog in the Night-Time
11.9%
Oskar SchellExtremely Loud and Incredibly Close
11.8%
Francie NolanA Tree Grows in Brooklyn
11.6%
Jess AaronsBridge to Terabithia
11.3%
GrietGirl With a Pearl Earring
11.1%
Reuven MalterThe Chosen
11.2%
Will HallowaySomething Wicked This Way Comes
10.4%
Estha and RahelThe God of Small Things
9.7%
John GrimesGo Tell It on the Mountain
9.1%
Billy ColmanWhere the Red Fern Grows
7.8%
Remove Ads.
Support Sporcle.
Get the best of Sporcle when you Go Orange. This ad-free experience offers more features, more stats, and more fun while also helping to support Sporcle. Thank you for becoming a member.

You're not logged in!

Compare scores with friends on all Sporcle quizzes.
OR
Log In

Show Comments

Extras

Top Quizzes Today


Score Distribution

Your Account Isn't Verified!

In order to create a playlist on Sporcle, you need to verify the email address you used during registration. Go to your Sporcle Settings to finish the process.

Report this User

Report this user for behavior that violates our Community Guidelines.

Details: